Education on the aging; (Record no. 34176)

MARC details
000 -LEADER
fixed length control field 00968cam a22002411 4500
001 - CONTROL NUMBER
control field hew58000009
003 - CONTROL NUMBER IDENTIFIER
control field DLC
005 - DATE AND TIME OF LATEST TRANSACTION
control field 20260227111509.0
008 - FIXED-LENGTH DATA ELEMENTS--GENERAL INFORMATION
fixed length control field 750429s1958 xx 000 0 eng
010 ## - LIBRARY OF CONGRESS CONTROL NUMBER
LC control number hew58000009
035 ## - SYSTEM CONTROL NUMBER
System control number (OCoLC)1304114
040 ## - CATALOGING SOURCE
Original cataloging agency DLC
Transcribing agency NSyU
Modifying agency OCoLC
-- DLC
050 00 - LIBRARY OF CONGRESS CALL NUMBER
Classification number L111
Item number .A6 1958, no. 11
082 ## - DEWEY DECIMAL CLASSIFICATION NUMBER
Classification number 016.301435
100 1# - MAIN ENTRY--PERSONAL NAME
Personal name Ward, Betty Arnett,
Dates associated with a name 1917-
245 10 - TITLE STATEMENT
Title Education on the aging;
Remainder of title a selected annotated bibliography.
260 ## - PUBLICATION, DISTRIBUTION, ETC.
Place of publication, distribution, etc. [Washington]
Name of publisher, distributor, etc. U.S. Dept. of Health, Education, and Welfare, Office of Education
Date of publication, distribution, etc. [1958]
300 ## - PHYSICAL DESCRIPTION
Extent ix, 145 p.
Dimensions 24 cm.
410 10 - SERIES STATEMENT/ADDED ENTRY--CORPORATE NAME [OBSOLETE, CAN/MARC], [LOCAL, USA]
Corporate name or jurisdiction name as entry element United States.
Subordinate unit Office of Education.
Title of a work Bulletin,
Date of a work 1958,
Volume number/sequential designation no. 11
501 ## - WITH NOTE
With note Copies 1 and 2 with: Organizing districts for better schools / Charles Ocelus Fitzwater. Washington : Govt. Print. Off., 1958. Bound together subsequent to publication.
Institution to which field applies DLC
650 #0 - SUBJECT ADDED ENTRY--TOPICAL TERM
Topical term or geographic name entry element Older people
Form subdivision Bibliography.
650 #0 - SUBJECT ADDED ENTRY--TOPICAL TERM
Topical term or geographic name entry element Older people
General subdivision Education
Form subdivision Bibliography.

No items available.

Powered by Koha